LEADER 00810nam a2200205 i 4500 001 000000259293 003 CaOOAMICUS 005 20230417121503.0 008 180727s1971 xx u000 u mul u 013 $a238201 040 $aSeMil$bita 245 10$a2. 300 $aP. 542-1197. 490 0 $aSpicilegium Bonaventurianum ;$v8. 773 0 $aCenci, Cesare $tManoscritti francescani della Biblioteca nazionale di Napoli.$dQuaracchi, Florentiae : Typographia Collegii S. Bonaventurae, 1971-1974.$kSpicilegium Bonaventurianum$g2$w()9948 830 0$aSpicilegium Bonaventurianum ;$v8.$0(OLS)http://semarc/title/542 850 $aSeMil 852 $aSeMil$W1$xVenegono$y1$m2N V 608$j209638$B209638$CSeMilBibl$Z2$F223298 $81 996 $6245$a2$9(OLS)http://semarc/title/46889 LEADER 00832nam a2200193 i 4500 001 000000015363 003 CaOOAMICUS 005 20180830125442.0 008 180830s1968 fr u000 u und u 040 $aSeMil$bita 100 1 $aStaël-Holstein, Anne Louise Germaine,$c.$0(OLS)http://semarc/name/7142 245 10$aDe l'Allemagne /$cGermaine de Staël. 260 $aParis :$bGarnier Flammarion,$c1968. 300 $a2 v. ;$c18 cm. 773 0 $tGF.$dParis : Garnier Flammarion, 1964.$x0768-0465$w()15364 774 0 $t1. [Madame de Stael].$kGF$g1$w()147710 774 0 $aStaël-Holstein, Anne Louise Germaine $t2. [Madame de Stael].$kGF$g2$w()150398 996 $6245$aDe l'Allemagne$9(OLS)http://semarc/title/20373 996 $6260$aParis :$bGarnier Flammarion$9(OLS)http://semarc/publisher/34134